[Event "AUTO-MASTER-2273"]
[Site "http://www.queenalice.com/game.php?id=1350267"]
[Date "2015.3.27"]
[Round "1"]
[White "Toru"]
[Black "Rutty"]
[Result "1/2-1/2"]
[WhiteElo "2117"]
[BlackElo "2127"]

1. d4 d5 2. c4 c6 3. cxd5 cxd5 4. Nc3 Nf6 5. Bg5 e6 6. Nf3 h6 7. Bxf6 Qxf6 8. e3
Nc6 9. Bd3 Bd7 10. O-O Bd6 11. Rc1 a6 12. Na4 Qe7 13. Nb6 Rb8 14. Nxd7 Qxd7 15.
Qa4 Ne5 16. Qxd7+ Nxd7 17. Rc2 O-O 18. Rfc1 g6 19. Nd2 Nb6 20. e4 Bf4 21. g3
Bxd2 22. Rxd2 Rbc8 23. Rdc2 Rxc2 24. Rxc2 f5 25. e5 Rc8 26. Rxc8+ Nxc8 27. f4
Kf7 28. Kf2 Na7 29. Ke3 Ke7 30. b4 Nc6 31. b5 axb5 32. Bxb5 Nd8 33. h4 Nf7 34.
Be2 g5 35. hxg5 hxg5 36. a4 b6 37. g4 gxf4+ 38. Kxf4 fxg4 39. Bxg4 Nd8 40. Ke3
Kf7 41. Bh5+ Kg7 42. Be8 Nb7 43. Bc6 1/2-1/2

[Event "AUTO-MASTER-2273"]
[Site "http://www.queenalice.com/game.php?id=1350282"]
[Date "2015.3.27"]
[Round "1"]
[White "Toru"]
[Black "REIDID93"]
[Result "1-0"]
[WhiteElo "2114"]
[BlackElo "1991"]

1. d4 d5 2. c4 c6 3. cxd5 cxd5 4. Nc3 Nf6 5. Bg5 e6 6. Bxf6 Qxf6 7. Nf3 Nc6 8.
e3 a6 9. Rc1 Bd6 10. Bd3 O-O 11. O-O Bd7 12. Na4 Nb4 13. Bb1 Bb5 14. Re1 Rac8
15. Nc3 Bd7 16. a3 Nc6 17. Qd3 g6 18. e4 dxe4 19. Nxe4 Qf4 20. g3 Qg4 21. Nxd6
Rc7 22. Kg2 e5 23. dxe5 Qh3+ 24. Kg1 b5 25. Ng5 Qg4 26. Ngxf7 Kg7 27. Ba2 Be6
28. Bxe6 Qxe6 29. b4 Qe7 30. Qd5 Nd8 31. Rxc7 Qxc7 32. e6 Nxf7 33. Qd4+ Kh6 34.
Nxf7+ Rxf7 35. exf7 Qxf7 36. Qh4+ 1-0

[Event "AUTO-MASTER-2273"]
[Site "http://www.queenalice.com/game.php?id=1350283"]
[Date "2015.3.27"]
[Round "1"]
[White "REIDID93"]
[Black "Toru"]
[Result "1/2-1/2"]
[WhiteElo "1970"]
[BlackElo "2122"]

1. c4 e6 2. Nc3 d5 3. cxd5 exd5 4. d4 Nf6 5. Qc2 Bb4 6. Bg5 O-O 7. Nf3 Nbd7 8.
e3 h6 9. Bh4 Re8 10. Bd3 c6 11. O-O Be7 12. Rfe1 Nf8 13. Nd2 Ng4 14. Bxe7 Qxe7
15. e4 dxe4 16. Ncxe4 Bf5 17. Nf3 Bxe4 18. Rxe4 Qd7 19. Rae1 Nf6 20. Ne5 Qc7 21.
R4e3 N8d7 22. Bc4 Nxe5 23. dxe5 Ng4 24. Rf3 Nxe5 25. Rfe3 Kf8 26. Qh7 Ng6 27.
Rxe8+ Rxe8 28. Rxe8+ Kxe8 29. Qg8+ Nf8 30. Qxg7 Qf4 31. Qc3 Kd7 32. g3 Qd6 33.
Bxf7 Ne6 34. Qh8 Qd1+ 35. Kg2 Qd5+ 36. Kg1 Qd1+ 37. Kg2 Qd5+ 38. Kg1 Qd1+ 39.
Kg2 1/2-1/2

[Event "AUTO-MASTER-2273"]
[Site "http://www.queenalice.com/game.php?id=1350284"]
[Date "2015.3.27"]
[Round "1"]
[White "Toru"]
[Black "jacconsultoria"]
[Result "1-0"]
[WhiteElo "2099"]
[BlackElo "2179"]

1. d4 f5 2. g3 Nf6 3. Bg2 d5 4. Nh3 e6 5. Bg5 Be7 6. O-O O-O 7. Bxf6 Bxf6 8. f4
c6 9. e3 Nd7 10. Nd2 Be7 11. Nf2 Nf6 12. Nf3 Bd6 13. Nd3 Bd7 14. Nfe5 Be8 15.
Bf3 c5 16. dxc5 Be7 17. c3 Bb5 18. b4 Ne4 19. Qc2 a5 20. a3 b6 21. c6 Qc7 22. c4
dxc4 23. Nxc4 Qxc6 24. Nde5 Qc7 25. Bxe4 fxe4 26. Qxe4 axb4 27. axb4 Rxa1 28.
Rxa1 Bxb4 29. Kf2 Bxc4 30. Nxc4 e5 31. Qd5+ Kh8 32. Nxe5 Qc2+ 33. Kf3 h6 34. Ra2
Qb1 35. e4 Qh1+ 36. Kg4 Rf6 37. Ra8+ Bf8 38. Rxf8+ 1-0

[Event "AUTO-MASTER-2273"]
[Site "http://www.queenalice.com/game.php?id=1350285"]
[Date "2015.3.27"]
[Round "1"]
[White "jacconsultoria"]
[Black "Toru"]
[Result "1/2-1/2"]
[WhiteElo "2211"]
[BlackElo "2067"]

1. c4 e6 2. Nc3 Nf6 3. d4 d5 4. cxd5 exd5 5. Bg5 Nbd7 6. e3 Be7 7. Bd3 c6 8.
Nge2 O-O 9. Qc2 h6 10. Bf4 Nh5 11. Bg3 Nxg3 12. hxg3 Nf6 13. O-O-O Ng4 14. Rdf1
Bg5 15. Kb1 Bxe3 16. fxe3 Nxe3 17. Qc1 Nxf1 18. Rxh6 gxh6 19. Qxh6 f5 20. Qg6+
1/2-1/2

[Event "AUTO-MASTER-2279"]
[Site "http://www.queenalice.com/game.php?id=1352699"]
[Date "2015.4.10"]
[Round "1"]
[White "Elcid"]
[Black "Toru"]
[Result "0-1"]
[WhiteElo "1927"]
[BlackElo "2129"]

1. d4 d5 2. Nf3 Nf6 3. c4 e6 4. g3 Bb4+ 5. Bd2 Bd6 6. Bg2 O-O 7. Qc2 c6 8. O-O
Ne4 9. cxd5 exd5 10. Nc3 Nxd2 11. Nxd2 f5 12. Nf3 Be6 13. a3 Nd7 14. Ng5 Qxg5
15. f4 Qg6 16. e3 Nf6 17. b4 Rae8 0-1

[Event "AUTO-MASTER-2279"]
[Site "http://www.queenalice.com/game.php?id=1352700"]
[Date "2015.4.10"]
[Round "1"]
[White "Toru"]
[Black "Elcid"]
[Result "1-0"]
[WhiteElo "2123"]
[BlackElo "1935"]

1. d4 e6 2. c4 f5 3. g3 Nf6 4. Bg2 c6 5. Nc3 d5 6. Bg5 Bd6 7. cxd5 exd5 8. Nf3
O-O 9. e3 Nbd7 10. O-O h6 11. Bxf6 Nxf6 12. Qc2 Qe8 13. Rab1 Ne4 14. Ne2 g5 15.
a3 Bd7 16. h4 Rc8 17. b4 g4 18. Nd2 1-0

[Event "AUTO-MASTER-2279"]
[Site "http://www.queenalice.com/game.php?id=1352715"]
[Date "2015.4.10"]
[Round "1"]
[White "duschgel"]
[Black "Toru"]
[Result "0-1"]
[WhiteElo "1998"]
[BlackElo "2121"]

1. c4 e6 2. g3 d5 3. Bg2 Nf6 4. d4 c6 5. Nf3 Bd6 6. O-O O-O 7. c5 Bc7 8. b4 a5
9. b5 cxb5 10. Qd3 Bd7 11. Nc3 b4 12. Nb5 Nc6 13. Bg5 Bb8 14. Ne5 Nxe5 15. dxe5
Bxb5 16. Qxb5 Qd7 17. Qd3 Bxe5 18. e4 Bxa1 19. Rxa1 dxe4 20. Qxd7 Nxd7 21. Be7
Rfe8 22. Bd6 f5 23. f3 Rac8 24. fxe4 fxe4 25. Rc1 Nf6 26. Be5 Red8 27. Bxf6 gxf6
28. Bxe4 Rc7 29. Kf2 Rd2+ 0-1

[Event "AUTO-MASTER-2279"]
[Site "http://www.queenalice.com/game.php?id=1352716"]
[Date "2015.4.10"]
[Round "1"]
[White "Toru"]
[Black "duschgel"]
[Result "0-1"]
[WhiteElo "2129"]
[BlackElo "1996"]

1. d4 Nf6 2. c4 g6 3. Nc3 d5 4. Bg5 Bg7 5. e3 O-O 6. Bxf6 Bxf6 7. Nxd5 Bg7 8.
Nf3 c6 9. Nc3 Bg4 10. Be2 Bxf3 11. Bxf3 Na6 12. O-O e5 13. Qd2 exd4 14. exd4
Qxd4 15. Qc2 Qxc4 16. Be2 Nb4 17. Qxg6 Qxc3 18. bxc3 hxg6 19. cxb4 Bxa1 20. Rxa1
Rad8 21. f4 Rd4 22. b5 Re8 23. Bf3 cxb5 24. Bxb7 Rxf4 25. Bc6 Rb8 26. Rb1 b4 27.
Bd5 a5 28. Bb3 Ra8 29. Ba4 Rd4 30. Rf1 Rd2 31. Bb3 Ra7 32. Rf2 Rxf2 0-1

[Event "AUTO-MASTER-2279"]
[Site "http://www.queenalice.com/game.php?id=1352727"]
[Date "2015.4.10"]
[Round "1"]
[White "Toru"]
[Black "Lindomar"]
[Result "0-1"]
[WhiteElo "2124"]
[BlackElo "2287"]

1. d4 Nf6 2. c4 e6 3. Nf3 b6 4. Bg5 Bb4+ 5. Nc3 Bxc3+ 6. bxc3 Bb7 7. e3 O-O 8.
Bd3 d6 9. Qc2 h6 10. Bh4 Nbd7 11. O-O c5 12. a4 Bxf3 13. gxf3 Qc7 14. Kg2 e5 15.
Rg1 Qb7 16. d5 Rfe8 17. Bf5 Qa6 18. Bxd7 Nxd7 19. Qe4 Nf8 20. Kh1 Ng6 21. Rxg6
fxg6 22. Qxg6 Qb7 23. Rg1 Kh8 24. Qxd6 Qf7 25. Rg6 Qxf3+ 26. Kg1 Qh5 27. Bg3
Rad8 28. Qc6 Qf5 29. Re6 Rxe6 30. Qxe6 Qxe6 31. dxe6 Re8 32. Bxe5 Rxe6 33. f4
Kg8 34. Kf2 Kf7 35. Kf3 g6 36. h4 Re7 37. a5 bxa5 38. Bd6 Rb7 39. Bxc5 a6 40.
Bd4 a4 41. c5 Ke6 42. e4 a3 43. h5 a2 44. c4 gxh5 45. f5+ Kf7 46. e5 Rb1 47. c6
Rc1 48. Ke4 Rxc4 49. e6+ Ke8 50. Kd5 Rxd4+ 0-1

[Event "AUTO-MASTER-2279"]
[Site "http://www.queenalice.com/game.php?id=1352728"]
[Date "2015.4.10"]
[Round "1"]
[White "Lindomar"]
[Black "Toru"]
[Result "1-0"]
[WhiteElo "2294"]
[BlackElo "2128"]

1. d4 d5 2. c4 e6 3. Nf3 Nf6 4. Bg5 Be7 5. Nc3 c6 6. e3 O-O 7. Bd3 dxc4 8. Bxc4
Nd5 9. Bxe7 Qxe7 10. O-O b6 11. e4 Nxc3 12. bxc3 Ba6 13. Qe2 Bxc4 14. Qxc4 b5
15. Qe2 a6 16. e5 Rd8 17. Qe4 Ra7 18. Rfe1 h6 19. a4 Rad7 20. axb5 axb5 21. g3
c5 22. Ra8 Rd5 23. Rea1 Nd7 24. h4 cxd4 25. cxd4 Nb6 26. R8a7 R5d7 27. Rxd7 Qxd7
28. Rb1 Nd5 29. Qd3 b4 30. Qc4 Rc8 31. Qa6 Qc6 32. Qxc6 Rxc6 33. Kf1 Rc4 34. Rb3
Nc3 35. Ke1 Nb5 36. Rd3 Nc7 37. Kd2 Kf8 38. Rb3 Nd5 39. Kd3 Rc1 40. Nd2 Ke7 41.
Ne4 f6 42. exf6+ gxf6 43. Kd2 f5 44. Kxc1 fxe4 45. Kd2 h5 46. Rb1 Kf6 47. Ra1 e5
48. dxe5+ Kxe5 49. Ra8 Kd4 50. Rh8 Nf6 51. Rb8 Nd5 52. Rb7 Kc4 53. Kc2 e3 54. f3
e2 55. Kd2 Nc3 56. g4 hxg4 57. fxg4 1-0

[Event "AUTO-MASTER-2300"]
[Site "http://www.queenalice.com/game.php?id=1360902"]
[Date "2015.5.21"]
[Round "1"]
[White "Toru"]
[Black "Redtom"]
[Result "1-0"]
[WhiteElo "2118"]
[BlackElo "1946"]

1. d4 f5 2. g3 Nf6 3. Bg2 g6 4. Bg5 Bg7 5. Bxf6 Bxf6 6. Nf3 O-O 7. O-O d6 8. Nc3
c6 9. e4 fxe4 10. Nxe4 Bg7 11. Re1 Bf5 12. Nh4 Bxe4 13. Bxe4 e5 14. d5 Qf6 15.
Qe2 c5 16. Rad1 Nd7 17. Rd3 Nb6 18. Rf3 Qe7 19. Rxf8+ Rxf8 20. c4 Nd7 21. Qc2
Nf6 22. Bxg6 hxg6 23. Nxg6 Qe8 24. Nxf8 Qxf8 25. Qf5 Ne8 26. Qc8 Qe7 27. Re4 Kf7
28. h4 Nf6 29. Qf5 a6 30. f4 Qd7 31. Qxd7+ Nxd7 32. fxe5 Nxe5 33. Kg2 Nd3 34. b3
Nc1 35. Rf4+ Ke7 36. Rf2 Nd3 37. Rd2 Ne5 38. Re2 b5 39. g4 Kf6 40. Rf2+ Kg6 41.
Kh3 bxc4 42. h5+ Kh6 43. Kh4 cxb3 44. g5+ Kh7 45. axb3 Nd3 46. Rf7 Kg8 47. Ra7
Nb4 48. h6 Be5 49. g6 Bf6+ 50. Kh5 Kf8 51. g7+ Bxg7 52. hxg7+ 1-0

[Event "AUTO-MASTER-2300"]
[Site "http://www.queenalice.com/game.php?id=1360903"]
[Date "2015.5.21"]
[Round "1"]
[White "Redtom"]
[Black "Toru"]
[Result "0-1"]
[WhiteElo "2014"]
[BlackElo "2137"]

1. e4 c5 2. Nc3 d6 3. Bb5+ Bd7 4. Bxd7+ Nxd7 5. f4 e6 6. Nf3 Ngf6 7. O-O Be7 8.
d3 O-O 9. Qe1 Re8 10. b3 Nb6 11. Bb2 d5 12. e5 Nfd7 13. d4 cxd4 14. Nxd4 Bc5 15.
Ne2 g6 16. Kh1 Bf8 17. Ng3 Bg7 18. Nb5 Nc8 19. Qc3 Ne7 20. Nd6 Rf8 21. Nxb7 Qb6
22. Nd6 Nc8 23. Ba3 Nxd6 24. Bxd6 Rfc8 25. Qd2 Rc6 26. Qf2 Qxf2 27. Rxf2 Rxd6
0-1

[Event "AUTO-MASTER-2300"]
[Site "http://www.queenalice.com/game.php?id=1360904"]
[Date "2015.5.21"]
[Round "1"]
[White "Toru"]
[Black "Diemerlin"]
[Result "1/2-1/2"]
[WhiteElo "2116"]
[BlackElo "2067"]

1. d4 Nf6 2. c4 g6 3. Nc3 Bg7 4. e4 d6 5. Be2 O-O 6. Nf3 e5 7. O-O exd4 8. Nxd4
Re8 9. Bg5 h6 10. Be3 Nxe4 1/2-1/2

[Event "AUTO-MASTER-2300"]
[Site "http://www.queenalice.com/game.php?id=1360905"]
[Date "2015.5.21"]
[Round "1"]
[White "Diemerlin"]
[Black "Toru"]
[Result "1-0"]
[WhiteElo "2127"]
[BlackElo "2145"]

1. d4 d5 2. Nf3 Nf6 3. Bf4 e6 4. e3 c5 5. c3 cxd4 6. exd4 Bd6 7. Bg3 Nc6 8. Nbd2
O-O 9. Bd3 Re8 10. Ne5 g6 11. Ndf3 Nh5 12. Qd2 Nxe5 13. dxe5 Be7 14. h4 Bd7 15.
Bh2 Bxh4 16. g4 Ng7 17. Qh6 Be7 18. Bf4 f5 19. Qxh7+ Kf7 20. gxf5 exf5 21. Rh6
Qb6 22. e6+ Qxe6+ 23. Ne5+ 1-0

[Event "AUTO-MASTER-2260"]
[Site "http://www.queenalice.com/game.php?id=1362374"]
[Date "2015.5.29"]
[Round "2"]
[White "Toru"]
[Black "TheBigSid"]
[Result "0-1"]
[WhiteElo "2132"]
[BlackElo "2303"]

1. d4 Nf6 2. c4 e6 3. Nc3 Bb4 4. Qc2 d5 5. Bg5 O-O 6. a3 Bxc3+ 7. Qxc3 h6 8.
Bxf6 Qxf6 9. e3 c6 10. Nf3 Nd7 11. Bd3 Re8 12. O-O e5 13. dxe5 Nxe5 14. Nxe5
Qxe5 15. Rac1 Qg5 16. cxd5 Bh3 17. g3 Bxf1 18. Kxf1 Qxd5 19. Kg1 Rad8 20. Bc4
Qd2 21. Kg2 Qxc3 22. Rxc3 Rd2 23. b4 a6 24. a4 Rb2 25. b5 axb5 26. axb5 cxb5 27.
Bd5 Re7 28. h4 g6 29. Kf3 b4 30. Rc8+ Kg7 31. Rb8 Rd7 32. Bxb7 Rdd2 33. Ke4 Rxf2
34. Bd5 Rb1 35. Rb7 g5 36. hxg5 hxg5 37. Ke5 Rg1 38. Rxb4 Rxg3 39. e4 Rg1 40.
Kd6 g4 41. e5 Rd2 42. e6 fxe6 43. Kxe6 Re1+ 44. Kd6 Red1 45. Rxg4+ Kf6 46. Rf4+
Kg5 47. Rf8 Rxd5+ 48. Ke6 Ra5 49. Rg8+ Kf4 50. Rf8+ Ke4 51. Rh8 Ra6+ 52. Ke7 Rb1
0-1

[Event "AUTO-MASTER-2260"]
[Site "http://www.queenalice.com/game.php?id=1362375"]
[Date "2015.5.29"]
[Round "2"]
[White "TheBigSid"]
[Black "Toru"]
[Result "1-0"]
[WhiteElo "2296"]
[BlackElo "2125"]

1. d4 d5 2. c4 e6 3. e3 Nf6 4. Nc3 Be7 5. Nf3 O-O 6. Bd3 c5 7. O-O Nc6 8. b3
cxd4 9. exd4 b6 10. Bf4 Nh5 11. Be3 Bb4 12. Rc1 Bb7 13. Ne5 Nf6 14. Bg5 dxc4 15.
Nxc6 Bxc6 16. Bxc4 Bxc3 17. Rxc3 b5 18. Be2 Rc8 19. Rg3 h6 20. Bxh6 Ne8 21. Qd2
Kh7 22. Be3 Rh8 23. Rh3+ Kg8 24. Rxh8+ Kxh8 25. Rc1 Nd6 26. Rc2 Be4 27. Rxc8
Qxc8 28. Qc1 Qxc1+ 29. Bxc1 a6 30. f3 Bb1 31. a3 Bc2 32. b4 Bb3 33. Kf2 g6 34.
g4 Bd5 35. Bd3 Kg7 36. Ke3 f6 37. h4 Bc4 38. Bxc4 Nxc4+ 39. Kf4 a5 40. bxa5 Nxa5
41. Bd2 Nc4 42. Bb4 Nb6 43. g5 Nd5+ 44. Ke4 Kf7 45. Ba5 f5+ 46. Ke5 Ne3 47. Bb4
Nc4+ 48. Kf4 Nb6 49. Bc5 Nc4 50. Bb4 Nb6 51. Bd6 Nc4 52. Bc5 Kg7 53. Kg3 Kf7 54.
Kf2 e5 55. d5 Na5 56. Ke3 Nb3 57. Bd6 f4+ 58. Kd3 Nd4 59. Ke4 Nf5 60. Bxe5 Nxh4
61. Bxf4 Ke7 62. Be5 Nf5 63. f4 Kd7 64. Kd3 Kc8 65. Kc3 Ne3 66. d6 Nc4 67. Kb4
Kd7 68. a4 1-0

[Event "AUTO-MASTER-2260"]
[Site "http://www.queenalice.com/game.php?id=1362376"]
[Date "2015.5.29"]
[Round "2"]
[White "Toru"]
[Black "Yran"]
[Result "1-0"]
[WhiteElo "2123"]
[BlackElo "2181"]

1. d4 d5 2. c4 e6 3. Nf3 Nf6 4. Bg5 Be7 5. e3 O-O 6. Nc3 c6 7. Rc1 Nbd7 8. a3
dxc4 9. Bxc4 Nd5 10. Bxe7 Qxe7 11. O-O Nxc3 12. Rxc3 e5 13. d5 cxd5 14. Qxd5 e4
15. Nd4 Nf6 16. Qb5 Bg4 17. h3 a6 18. Qb3 Bh5 19. Nf5 Qe5 20. Ng3 b5 21. Be2
Bxe2 22. Nxe2 1-0

[Event "AUTO-MASTER-2260"]
[Site "http://www.queenalice.com/game.php?id=1362377"]
[Date "2015.5.29"]
[Round "2"]
[White "Yran"]
[Black "Toru"]
[Result "0-1"]
[WhiteElo "2155"]
[BlackElo "2122"]

1. d4 d5 2. c4 e6 3. Nc3 Nf6 4. Bg5 Be7 5. e3 O-O 6. Nf3 c6 7. Be2 Nbd7 8. O-O
Nh5 9. Bxe7 Qxe7 10. a3 f5 11. cxd5 exd5 12. Ne5 Nhf6 13. f4 Nxe5 14. fxe5 Ne4
15. Nxe4 fxe4 16. Rxf8+ Qxf8 17. Bg4 Qe7 18. Bxc8 Rxc8 19. Qg4 Rf8 20. Rf1 h6
21. Rxf8+ Kxf8 22. Qf5+ Kg8 23. b4 a5 24. Qc8+ Kh7 25. e6 axb4 26. Qd7 Qg5 27.
Kf2 Qf5+ 28. Kg1 bxa3 29. Qf7 Qg5 30. e7 Qxe3+ 31. Qf2 Qc1+ 32. Qf1 Qxf1+ 33.
Kxf1 a2 34. e8=Q a1=Q+ 35. Ke2 Qxd4 36. Qf7 Qd3+ 37. Kf2 e3+ 0-1

[Event "AUTO-MASTER-2270"]
[Site "http://www.queenalice.com/game.php?id=1372965"]
[Date "2015.7.23"]
[Round "2"]
[White "cksl333"]
[Black "Toru"]
[Result "1-0"]
[WhiteElo "2217"]
[BlackElo "2125"]

1. b4 d5 2. Bb2 Nf6 3. e3 e6 4. b5 c5 5. Nf3 b6 6. d3 a6 7. a4 axb5 8. axb5 Rxa1
9. Bxa1 Bd7 10. c4 Be7 11. Be2 O-O 12. O-O Qc7 13. Ne5 Bd6 14. f4 dxc4 15. dxc4
Bc8 16. Bf3 Bb7 17. Bxb7 Bxe5 18. fxe5 Qxb7 19. exf6 1-0

[Event "AUTO-MASTER-2270"]
[Site "http://www.queenalice.com/game.php?id=1372966"]
[Date "2015.7.23"]
[Round "2"]
[White "Toru"]
[Black "cksl333"]
[Result "0-1"]
[WhiteElo "2116"]
[BlackElo "2246"]

1. d4 d5 2. c4 e6 3. Nf3 c5 4. cxd5 exd5 5. Nc3 Nc6 6. e3 Nf6 7. Bd3 cxd4 8.
exd4 Bd6 9. O-O O-O 10. Bg5 Be6 11. Rc1 h6 12. Bh4 Be7 13. h3 Ne4 14. Bxe7 Qxe7
15. Nxe4 dxe4 16. Bxe4 Bxa2 17. Bxc6 bxc6 18. Rxc6 Bd5 19. Ne5 Bxc6 20. Nxc6 Qd6
21. d5 Rfd8 22. Re1 Rd7 23. Qf3 Kf8 24. Rd1 Rc8 25. Ne5 Qxe5 0-1